Most Valuable Association Football (Soccer) Clubs - Statistics

General Stats
  • This quiz has been taken 41 times
  • The average score is 14 of 15
Answer Stats
Rank Country Value (in millions) Answer % Correct
6 England 2,238 Arsenal
100%
3 Spain 4,064 Barcelona
100%
4 Germany 3,063 Bayern Munich
100%
8 England 1,944 Liverpool
100%
5 England 2,474 Manchester City
100%
1 England 4,123 Manchester United
100%
2 Spain 4,088 Real Madrid
100%
7 England 2,000 Chelsea
97%
9 Italy 1,472 Juventus
97%
11 France 917 Paris Saint-Germain
97%
10 England 1,237 Tottenham Hotspur
97%
13 Spain 848 Atlético Madrid
95%
12 Germany 901 Borussia Dortmund
92%
15 Germany 707 Schalke 04
59%
14 England 754 West Ham United
51%
No matching quizzes found
Score Distribution
Percent of People with Each Score
Percentile by Number Answered
Your Score History
You have not taken this quiz